[Event "Niedersachsen-ch 2020"]
[Site "Verden-Aller"]
[Date "2020.01.04"]
[Round "6.3"]
[White "Mueer, Sebastian"]
[Black "Hartogh, Christian"]
[Result "1-0"]
[WhiteElo "2223"]
[BlackElo "2075"]
[Annotator "NA"]
[PlyCount "119"]
[EventDate "2020.01.02"]
[EventType "swiss"]
[EventCountry "GER"]
[SourceTitle "playchess.com"]
[Source "ChessBase"]
[SourceQuality "1"]
[TimeControl "40/5400+30:1800+30"]

1. Nf3 {[%emt 0:02:01]} c5 {[%emt 0:00:16]} 2. c4 {[%emt 0:00:13]} Nf6 {[%emt 0:00:07]} 3. Nc3 {[%emt 0:00:18]} Nc6 {[%emt 0:01:06]} 4. d4 {[%emt 0:02:02]} cxd4 {[%emt 0:00:10]} 5. Nxd4 {[%emt 0:00:02]} e6 {[%emt 0:06:16]} 6. g3 {[%emt 0:00:26]} d5 {[%emt 0:09:44]} 7. Bg2 {[%emt 0:02:13]} Bc5 {[%emt 0:03:42]} 8. Nb3 {[%emt 0:01:48]} Bb4 {[%emt 0:00:38]} 9. O-O {[%emt 0:10:01]} dxc4 {[%emt 0:04:02]} 10. Qxd8+ {[%emt 0:00:33]} Kxd8 {[%emt 0:00:41]} 11. Rd1+ {[%emt 0:13:01]} Ke7 {[%emt 0:01:41]} 12. Nd4 {[%emt 0:00:39]} Na5 {[%emt 0:13:52]} 13. Bg5 {[%emt 0:02:31]} h6 {[%emt 0:12:34]} 14. Nf5+ {[%emt 0:00:40]} exf5 {[%emt 0:01:17]} 15. Nd5+ {[%emt 0:00:03]} Kf8 {[%emt 0:01:12]} 16. Bxf6 {[%emt 0:09:36]} gxf6 {[%emt 0:00:23]} 17. Nxb4 {[%emt 0:00:33]} Be6 {[%emt 0:00:55]} 18. Nd5 {[%emt 0:02:00]} Kg7 {[%emt 0:00:55]} 19. Rd4 {[%emt 0:06:57]} Rad8 {[%emt 0:06:52]} 20. Rad1 {[%emt 0:03:45]} Bxd5 {[%emt 0:01:28]} 21. Rxd5 {[%emt 0:00:50]} Nc6 {[%emt 0:00:12]} 22. Rd7 {[%emt 0:00:48]} Rxd7 {[%emt 0:01:14]} 23. Rxd7 {[%emt 0:00:03]} Rb8 {[%emt 0:05:39]} 24. f4 {[%emt 0:09:34]} Nb4 {[%emt 0:12:31]} 25. a3 {[%emt 0:09:02]} Nc2 {[%emt 0:00:06]} 26. Bd5 {[%emt 0:05:32]} c3 {[%emt 0:01:33]} 27. bxc3 {[%emt 0:02:59]} Nxa3 {[%emt 0:00:04]} 28. Bxf7 {[%emt 0:11:16]} a5 {[%emt 0:01:28]} 29. Bd5+ {[%emt 0:00:05]} Kf8 {[%emt 0:01:33]} 30. Bxb7 {[%emt 0:02:11]} Nb1 {[%emt 0:00:46]} 31. c4 {[%emt 0:01:42]} a4 {[%emt 0:01:20]} 32. c5 {[%emt 0:00:01]} Nc3 {[%emt 0:00:17]} 33. c6 {[%emt 0:00:25]} Nb5 {[%emt 0:00:29]} 34. Rd5 {[%emt 0:00:42]} Nc7 {[%emt 0:01:41]} 35. Ra5 {[%emt 0:00:02]} Re8 {[%emt 0:00:47]} 36. Kf2 {[%emt 0:01:06]} Re4 {[%emt 0:00:02]} 37. Ra7 {[%emt 0:01:21]} Ke7 {[%emt 0:00:45]} 38. Bc8 {[%emt 0:00:52]} Kd6 {[%emt 0:00:06]} 39. Bxf5 {[%emt 0:00:35]} Rb4 {[%emt 0:00:34]} 40. Bd7 {[%emt 0:00:30]} Nb5 {[%emt 0:01:01]} 41. Ra8 {[%emt 0:04:32]} Kc7 {[%emt 0:04:04]} 42. Ke3 {[%emt 0:04:43]} a3 {[%emt 0:02:30]} 43. Kd3 {[%emt 0:01:15]} Rb2 {[%emt 0:00:57]} 44. Be6 {[%emt 0:00:32]} Kxc6 {[%emt 0:03:12]} 45. Bc4 {[%emt 0:00:01]} Nd6 {[%emt 0:02:51]} 46. Rxa3 {[%emt 0:05:14]} Nxc4 {[%emt 0:00:32]} 47. Kxc4 {[%emt 0:00:07]} Rxe2 {[%emt 0:00:06]} 48. Ra6+ {[%emt 0:01:24]} Kd7 {[%emt 0:00:10]} 49. Kd5 {[%emt 0:02:16]} Rd2+ {[%emt 0:13:56]} 50. Ke4 {[%emt 0:00:19]} Rxh2 {[%emt 0:00:16]} 51. Rxf6 {[%emt 0:00:36]} Ke7 {[%emt 0:00:24]} 52. Ra6 {[%emt 0:00:19]} h5 {[%emt 0:03:09]} 53. Rh6 {[%emt 0:00:55]} Kf7 {[%emt 0:01:20]} 54. g4 {[%emt 0:01:09]} h4 {[%emt 0:00:10]} 55. g5 {[%emt 0:01:29]} Kg7 {[%emt 0:02:36]} 56. Kf3 {[%emt 0:01:36]} Rh1 {[%emt 0:01:41]} 57. Kg4 {[%emt 0:00:25]} Rg1+ {[%emt 0:00:27]} 58. Kxh4 {[%emt 0:00:28]} Rg2 {[%emt 0:00:37]} 59. Ra6 {[%emt 0:00:09]} Rg1 {[%emt 0:00:23]} 60. Kh5 {[%emt 0:00:02]} 1-0

[Event "Niedersachsen-ch 2020"]
[Site "Verden-Aller"]
[Date "2020.01.04"]
[Round "6.4"]
[White "Hampel, Felix"]
[Black "Schulze, Torben"]
[Result "1/2-1/2"]
[WhiteElo "2290"]
[BlackElo "2266"]
[Annotator "ChessBase"]
[PlyCount "34"]
[EventDate "2020.01.02"]
[EventType "swiss"]
[EventCountry "GER"]
[SourceTitle "playchess.com"]
[Source "ChessBase"]
[SourceQuality "1"]
[TimeControl "40/5400+30:1800+30"]

1. c4 {[%emt 0:00:00]} e5 {[%emt 0:00:00]} 2. Nc3 {[%emt 0:00:00]} Bb4 {[%emt 0:00:05]} 3. Nd5 {[%emt 0:00:00]} Bc5 {[%emt 0:00:02]} 4. Nf3 {[%emt 0:00:40]} c6 {[%emt 0:01:41]} 5. Nc3 {[%emt 0:01:48]} d6 {[%emt 0:00:20]} 6. d4 {[%emt 0:00:58]} exd4 {[%emt 0:00:08]} 7. Nxd4 {[%emt 0:00:06]} Nf6 {[%emt 0:00:31]} 8. Nb3 {[%emt 0:06:28]} Bb4 {[%emt 0:02:51]} 9. Bd2 {[%emt 0:01:28]} O-O {[%emt 0:06:39]} 10. a3 {[%emt 0:01:46]} Bxc3 {[%emt 0:00:07]} 11. Bxc3 {[%emt 0:00:07]} Ne4 {[%emt 0:01:18]} 12. Qd4 {[%emt 0:06:36]} Nxc3 {[%emt 0:00:31]} 13. Qxc3 {[%emt 0:00:07]} a5 {[%emt 0:05:05]} 14. e3 {[%emt 0:04:10]} a4 {[%emt 0:01:14]} 15. Nd4 {[%emt 0:03:08]} Na6 {[%emt 0:01:19]} 16. Bd3 {[%emt 0:04:37]} Nc5 {[%emt 0:00:45]} 17. Bc2 {[%emt 0:00:25]} Qe7 {[%emt 0:06:43]} 1/2-1/2

[Event "Niedersachsen-ch 2020"]
[Site "Verden-Aller"]
[Date "2020.01.04"]
[Round "6.5"]
[White "Pubantz, Jan"]
[Black "Knuedel, Torben"]
[Result "1/2-1/2"]
[WhiteElo "2233"]
[BlackElo "2185"]
[Annotator "NA"]
[PlyCount "81"]
[EventDate "2020.01.02"]
[EventType "swiss"]
[EventCountry "GER"]
[SourceTitle "playchess.com"]
[Source "ChessBase"]
[SourceQuality "1"]
[TimeControl "40/5400+30:1800+30"]

1. d4 {[%emt 0:03:51]} Nf6 {[%emt 0:00:00]} 2. c4 {[%emt 0:00:04]} e6 {[%emt 0:00:00]} 3. g3 {[%emt 0:00:06]} d5 {[%emt 0:00:00]} 4. Bg2 {[%emt 0:00:05]} Be7 {[%emt 0:00:00]} 5. Nf3 {[%emt 0:00:05]} O-O {[%emt 0:00:02]} 6. Nc3 {[%emt 0:00:07]} dxc4 {[%emt 0:00:04]} 7. Ne5 {[%emt 0:00:04]} Nc6 {[%emt 0:00:04]} 8. Bxc6 {[%emt 0:00:06]} bxc6 {[%emt 0:00:03]} 9. Nxc6 {[%emt 0:00:04]} Qe8 {[%emt 0:00:09]} 10. Nxe7+ {[%emt 0:00:04]} Qxe7 {[%emt 0:00:06]} 11. Qa4 {[%emt 0:00:07]} c5 {[%emt 0:00:11]} 12. dxc5 {[%emt 0:00:05]} Qxc5 {[%emt 0:00:06]} 13. Be3 {[%emt 0:00:05]} Qh5 {[%emt 0:00:46]} 14. f3 {[%emt 0:01:58]} Bb7 {[%emt 0:05:13]} 15. O-O {[%emt 0:00:07]} Rfc8 {[%emt 0:35:05]} 16. Rad1 {[%emt 0:02:21]} e5 {[%emt 0:03:36]} 17. Qa5 {[%emt 0:17:20]} Qh3 {[%emt 0:02:11]} 18. Rf2 {[%emt 0:00:40]} Qe6 {[%emt 0:03:02]} 19. Nb5 {[%emt 0:34:51]} Nd5 {[%emt 0:12:47]} 20. Bxa7 {[%emt 0:04:30]} e4 {[%emt 0:03:13]} 21. a4 {[%emt 0:12:16]} Qg6 {[%emt 0:20:26]} 22. Rxd5 {[%emt 0:10:32]} Bxd5 {[%emt 0:00:39]} 23. Nc7 {[%emt 0:00:11]} Rxc7 {[%emt 0:07:48]} 24. Qxc7 {[%emt 0:00:03]} Qc6 {[%emt 0:00:08]} 25. Qxc6 {[%emt 0:07:44]} Bxc6 {[%emt 0:00:02]} 26. Bd4 {[%emt 0:00:24]} Rxa4 {[%emt 0:00:22]} 27. g4 {[%emt 0:01:28]} Ra1+ {[%emt 0:02:22]} 28. Kg2 {[%emt 0:00:22]} Rd1 {[%emt 0:00:13]} 29. Bc3 {[%emt 0:00:46]} exf3+ {[%emt 0:00:52]} 30. exf3 {[%emt 0:00:11]} Rd3 {[%emt 0:00:28]} 31. g5 {[%emt 0:01:49]} h6 {[%emt 0:03:26]} 32. gxh6 {[%emt 0:01:13]} gxh6 {[%emt 0:00:02]} 33. Kg3 {[%emt 0:00:15]} Kh7 {[%emt 0:02:07]} 34. Rf1 {[%emt 0:01:32]} Kg6 {[%emt 0:00:33]} 35. Kf4 {[%emt 0:00:18]} f6 {[%emt 0:00:16]} 36. Kg4 {[%emt 0:01:34]} Bd7+ {[%emt 0:00:31]} 37. Kf4 {[%emt 0:00:26]} Bc6 {[%emt 0:00:05]} 38. Rf2 {[%emt 0:00:17]} Bb7 {[%emt 0:00:09]} 39. Rg2+ {[%emt 0:00:36]} Kf7 {[%emt 0:00:11]} 40. Rf2 {[%emt 0:00:31]} Bc6 {[%emt 0:00:16]} 41. Kg4 {[%emt 0:03:08]} 1/2-1/2

[Event "Niedersachsen-ch 2020"]
[Site "Verden-Aller"]
[Date "2020.01.04"]
[Round "6.6"]
[White "Stelmaszyk, Nico"]
[Black "Ermel, Dirk"]
[Result "1/2-1/2"]
[WhiteElo "2203"]
[BlackElo "2125"]
[Annotator "NA"]
[PlyCount "135"]
[EventDate "2020.01.02"]
[EventType "swiss"]
[EventCountry "GER"]
[SourceTitle "playchess.com"]
[Source "ChessBase"]
[SourceQuality "1"]
[TimeControl "40/5400+30:1800+30"]

1. e4 {[%emt 0:00:00]} c6 {[%emt 0:00:00]} 2. d4 {[%emt 0:00:00]} d5 {[%emt 0:00:00]} 3. exd5 {[%emt 0:00:00]} cxd5 {[%emt 0:00:00]} 4. c4 {[%emt 0:00:00]} Nf6 {[%emt 0:00:00]} 5. Nc3 {[%emt 0:00:16]} Nc6 {[%emt 0:00:00]} 6. Bg5 {[%emt 0:00:18]} Qb6 {[%emt 0:02:32]} 7. cxd5 {[%emt 0:06:30]} Nxd4 {[%emt 0:02:23]} 8. Be3 {[%emt 0:01:46]} e5 {[%emt 0:00:11]} 9. dxe6 {[%emt 0:00:10]} Bc5 {[%emt 0:00:10]} 10. exf7+ {[%emt 0:08:57]} Kxf7 {[%emt 0:00:11]} 11. Bc4+ {[%emt 0:02:07]} Be6 {[%emt 0:00:09]} 12. Bxe6+ {[%emt 0:01:55]} Nxe6 {[%emt 0:00:06]} 13. Qe2 {[%emt 0:03:02]} Rhe8 {[%emt 0:14:26]} 14. O-O-O {[%emt 0:07:07]} Rac8 {[%emt 0:18:33]} 15. Nf3 {[%emt 0:06:05]} Bxe3+ {[%emt 0:06:56]} 16. Qxe3 {[%emt 0:02:24]} Nc5 {[%emt 0:06:42]} 17. Qf4 {[%emt 0:07:04]} Nce4 {[%emt 0:12:21]} 18. Ng5+ {[%emt 0:17:13]} Nxg5 {[%emt 0:09:48]} 19. Qxg5 {[%emt 0:01:16]} Re2 {[%emt 0:00:21]} 20. Rd7+ {[%emt 0:03:56]} Nxd7 {[%emt 0:03:43]} 21. Qh5+ {[%emt 0:02:25]} Qg6 {[%emt 0:06:25]} 22. Qxe2 {[%emt 0:00:46]} Qxg2 {[%emt 0:00:15]} 23. Re1 {[%emt 0:03:13]} Qg5+ {[%emt 0:00:46]} 24. Kb1 {[%emt 0:01:26]} Qf5+ {[%emt 0:02:34]} 25. Ka1 {[%emt 0:02:10]} Kg8 {[%emt 0:00:45]} 26. Nb5 {[%emt 0:02:55]} Qc5 {[%emt 0:03:36]} 27. Qe6+ {[%emt 0:01:03]} Kh8 {[%emt 0:00:20]} 28. a3 {[%emt 0:05:48]} Nf8 {[%emt 0:02:45]} 29. Qb3 {[%emt 0:03:00]} h6 {[%emt 0:02:00]} 30. Rd1 {[%emt 0:00:50]} Qc2 {[%emt 0:02:38]} 31. Qf3 {[%emt 0:01:03]} Ng6 {[%emt 0:00:14]} 32. Nd4 {[%emt 0:01:43]} Qc7 {[%emt 0:01:54]} 33. Qf5 {[%emt 0:00:47]} Ne7 {[%emt 0:00:23]} 34. Qg4 {[%emt 0:00:56]} Ng8 {[%emt 0:01:49]} 35. Ne6 {[%emt 0:00:38]} Nf6 {[%emt 0:00:25]} 36. Qf5 {[%emt 0:00:37]} Qc2 {[%emt 0:00:34]} 37. Rd8+ {[%emt 0:05:00]} Ng8 {[%emt 0:00:01]} 38. Qxc2 {[%emt 0:02:02]} Rxc2 {[%emt 0:00:01]} 39. Rd7 {[%emt 0:00:19]} Rxf2 {[%emt 0:00:58]} 40. Nxg7 {[%emt 0:00:17]} Rxh2 {[%emt 0:01:27]} 41. Rxb7 {[%emt 0:31:11]} Rg2 {[%emt 0:02:29]} 42. Nh5 {[%emt 0:00:00]} Rg5 {[%emt 0:01:48]} 43. Nf4 {[%emt 0:00:00]} Rg7 {[%emt 0:00:36]} 44. Rb8 {[%emt 0:00:00]} Kh7 {[%emt 0:00:40]} 45. Ka2 {[%emt 0:00:00]} Rf7 {[%emt 0:01:07]} 46. Nh5 {[%emt 0:00:00]} Ne7 {[%emt 0:06:42]} 47. Rb7 {[%emt 0:00:00]} Kg6 {[%emt 0:00:16]} 48. Nf4+ {[%emt 0:00:00]} Rxf4 {[%emt 0:00:36]} 49. Rxe7 {[%emt 0:00:00]} Rf7 {[%emt 0:01:58]} 50. Re6+ {[%emt 0:00:00]} Kg5 {[%emt 0:00:40]} 51. b4 {[%emt 0:00:00]} Rh7 {[%emt 0:01:01]} 52. b5 {[%emt 0:00:00]} h5 {[%emt 0:00:39]} 53. Kb3 {[%emt 0:00:00]} h4 {[%emt 0:00:35]} 54. Kb4 {[%emt 0:00:00]} h3 {[%emt 0:00:38]} 55. Re1 {[%emt 0:00:00]} h2 {[%emt 0:00:45]} 56. Rh1 {[%emt 0:00:00]} Kf4 {[%emt 0:03:31]} 57. a4 {[%emt 0:00:00]} Kg3 {[%emt 0:02:22]} 58. Ka5 {[%emt 0:00:00]} Rh6 {[%emt 0:01:37]} 59. Rc1 {[%emt 0:00:00]} h1=Q {[%emt 0:02:34]} 60. Rxh1 {[%emt 0:00:00]} Rxh1 {[%emt 0:00:08]} 61. Ka6 {[%emt 0:00:00]} Ra1 {[%emt 0:01:36]} 62. Kxa7 {[%emt 0:00:00]} Rxa4+ {[%emt 0:00:10]} 63. Kb7 {[%emt 0:00:00]} Kf4 {[%emt 0:00:21]} 64. b6 {[%emt 0:00:04]} Ke5 {[%emt 0:00:51]} 65. Kc7 {[%emt 0:01:23]} Rc4+ {[%emt 0:00:50]} 66. Kd7 {[%emt 0:00:06]} Rb4 {[%emt 0:04:44]} 67. Kc7 {[%emt 0:00:21]} Rxb6 {[%emt 0:02:30]} 68. Kxb6 1/2-1/2

[Event "Niedersachsen-ch 2020"]
[Site "Verden-Aller"]
[Date "2020.01.04"]
[Round "6.7"]
[White "Sreyas Payyappat"]
[Black "Hoerstmann, Rudi"]
[Result "1/2-1/2"]
[WhiteElo "2166"]
[BlackElo "2241"]
[Annotator "NA"]
[PlyCount "78"]
[EventDate "2020.01.02"]
[EventType "swiss"]
[EventCountry "GER"]
[SourceTitle "playchess.com"]
[Source "ChessBase"]
[SourceQuality "1"]
[TimeControl "40/5400+30:1800+30"]

1. e4 {[%emt 0:00:00]} g6 {[%emt 0:00:00]} 2. d4 {[%emt 0:00:00]} Bg7 {[%emt 0:00:00]} 3. Nf3 {[%emt 0:00:00]} d6 {[%emt 0:00:00]} 4. Bd3 {[%emt 0:00:15]} Nf6 {[%emt 0:00:16]} 5. O-O {[%emt 0:00:19]} O-O {[%emt 0:00:14]} 6. h3 {[%emt 0:00:08]} Nbd7 {[%emt 0:02:37]} 7. Be3 {[%emt 0:00:35]} e5 {[%emt 0:00:15]} 8. d5 {[%emt 0:00:19]} Qe7 {[%emt 0:03:33]} 9. b4 {[%emt 0:09:47]} Ne8 {[%emt 0:03:49]} 10. c4 {[%emt 0:00:46]} f5 {[%emt 0:00:54]} 11. Nc3 {[%emt 0:00:31]} f4 {[%emt 0:02:02]} 12. Bd2 {[%emt 0:01:35]} Ndf6 {[%emt 0:17:42]} 13. Nh2 {[%emt 0:03:12]} g5 {[%emt 0:10:36]} 14. Be2 {[%emt 0:02:35]} Qf7 {[%emt 0:00:28]} 15. c5 {[%emt 0:02:49]} h5 {[%emt 0:03:41]} 16. f3 {[%emt 0:02:05]} Qg6 {[%emt 0:02:42]} 17. a4 {[%emt 0:02:42]} Rf7 {[%emt 0:02:07]} 18. c6 {[%emt 0:06:27]} b6 {[%emt 0:13:11]} 19. a5 {[%emt 0:05:04]} Rb8 {[%emt 0:00:18]} 20. axb6 {[%emt 0:06:29]} axb6 {[%emt 0:00:13]} 21. Nb5 {[%emt 0:02:16]} Bh6 {[%emt 0:13:11]} 22. Na7 {[%emt 0:00:52]} g4 {[%emt 0:00:27]} 23. fxg4 {[%emt 0:06:01]} hxg4 {[%emt 0:05:00]} 24. Nxc8 {[%emt 0:06:11]} gxh3 {[%emt 0:02:15]} 25. Bg4 {[%emt 0:00:36]} Rxc8 {[%emt 0:02:33]} 26. Rf2 {[%emt 0:00:46]} Nxg4 {[%emt 0:06:00]} 27. Qxg4 {[%emt 0:00:28]} Qxg4 {[%emt 0:00:10]} 28. Nxg4 {[%emt 0:00:05]} Bg7 {[%emt 0:02:49]} 29. gxh3 {[%emt 0:00:15]} Nf6 {[%emt 0:00:18]} 30. Nxf6+ {[%emt 0:01:14]} Bxf6 {[%emt 0:00:55]} 31. Rg2+ {[%emt 0:01:58]} Kh7 {[%emt 0:02:03]} 32. Rg4 {[%emt 0:01:45]} Rg8 {[%emt 0:02:30]} 33. Kf2 {[%emt 0:01:13]} Rxg4 {[%emt 0:01:26]} 34. hxg4 {[%emt 0:00:06]} Bh4+ {[%emt 0:00:16]} 35. Kf3 {[%emt 0:00:23]} Kg6 {[%emt 0:00:20]} 36. Rh1 {[%emt 0:01:25]} Kg5 {[%emt 0:00:07]} 37. b5 {[%emt 0:00:41]} Rf8 {[%emt 0:02:19]} 38. Bc3 {[%emt 0:02:07]} Ra8 {[%emt 0:00:40]} 39. Ra1 {[%emt 0:00:11]} Rxa1 {[%emt 0:00:32]} 1/2-1/2

[Event "Niedersachsen-ch 2020"]
[Site "Verden-Aller"]
[Date "2020.01.04"]
[Round "6.8"]
[White "Stotyn, Fabian"]
[Black "Ewert, Hannes"]
[Result "1/2-1/2"]
[WhiteElo "2198"]
[BlackElo "2256"]
[Annotator "ChessBase"]
[PlyCount "43"]
[EventDate "2020.01.02"]
[EventType "swiss"]
[EventCountry "GER"]
[SourceTitle "playchess.com"]
[Source "ChessBase"]
[SourceQuality "1"]
[TimeControl "40/5400+30:1800+30"]

1. Nf3 {[%emt 0:00:00]} Nf6 {[%emt 0:00:07]} 2. d4 {[%emt 0:00:01]} e6 {[%emt 0:00:30]} 3. g3 {[%emt 0:00:00]} b6 {[%emt 0:00:26]} 4. Bg2 {[%emt 0:00:00]} Bb7 5. O-O {[%emt 0:00:00]} Be7 {[%emt 0:00:11]} 6. c4 {[%emt 0:00:23]} O-O {[%emt 0:00:04]} 7. Nc3 {[%emt 0:00:22]} Ne4 {[%emt 0:00:01]} 8. Qc2 {[%emt 0:02:59]} Nxc3 {[%emt 0:00:10]} 9. Qxc3 {[%emt 0:00:13]} Bf6 {[%emt 0:05:53]} 10. Qd3 {[%emt 0:07:10]} Nc6 {[%emt 0:05:59]} 11. Bd2 {[%emt 0:03:06]} d6 {[%emt 0:02:35]} 12. b4 {[%emt 0:00:30]} Qe7 {[%emt 0:00:30]} 13. b5 {[%emt 0:02:08]} Nd8 {[%emt 0:01:02]} 14. e4 e5 {[%emt 0:01:15]} 15. d5 {[%emt 0:01:19]} Bc8 {[%emt 0:00:56]} 16. a4 {[%emt 0:00:32]} Nb7 {[%emt 0:00:58]} 17. a5 {[%emt 0:00:37]} Nc5 {[%emt 0:00:28]} 18. Qc2 {[%emt 0:00:21]} Bd7 {[%emt 0:00:42]} 19. Be3 {[%emt 0:00:13]} g6 {[%emt 0:02:56]} 20. axb6 {[%emt 0:01:53]} axb6 {[%emt 0:00:16]} 21. Bxc5 {[%emt 0:00:08]} dxc5 {[%emt 0:09:31]} 22. Ra2 {[%emt 0:01:44]} 1/2-1/2

[Event "Niedersachsen-ch 2020"]
[Site "Verden-Aller"]
[Date "2020.01.04"]
[Round "6.9"]
[White "Hoellmann, Ludger"]
[Black "Webner, Dennis"]
[Result "1/2-1/2"]
[WhiteElo "2059"]
[BlackElo "2113"]
[Annotator "NA"]
[PlyCount "50"]
[EventDate "2020.01.02"]
[EventType "swiss"]
[EventCountry "GER"]
[SourceTitle "playchess.com"]
[Source "ChessBase"]
[SourceQuality "1"]
[TimeControl "40/5400+30:1800+30"]

1. Nf3 {[%emt 0:00:00]} d6 {[%emt 0:00:00]} 2. d4 {[%emt 0:00:00]} Bg4 {[%emt 0:00:07]} 3. c4 {[%emt 0:05:20]} Nf6 {[%emt 0:02:22]} 4. Qb3 {[%emt 0:02:14]} Qc8 {[%emt 0:00:54]} 5. h3 {[%emt 0:00:19]} Bxf3 {[%emt 0:03:14]} 6. Qxf3 {[%emt 0:00:31]} Nc6 {[%emt 0:00:36]} 7. e3 {[%emt 0:04:27]} e5 {[%emt 0:00:22]} 8. d5 {[%emt 0:00:16]} e4 {[%emt 0:10:27]} 9. Qf4 {[%emt 0:02:35]} Nb4 {[%emt 0:01:17]} 10. Kd1 {[%emt 0:04:11]} Qd7 {[%emt 0:04:07]} 11. Nc3 {[%emt 0:00:56]} Qe7 {[%emt 0:07:29]} 12. a3 {[%emt 0:00:55]} Na6 {[%emt 0:00:10]} 13. b4 {[%emt 0:00:30]} O-O-O {[%emt 0:05:46]} 14. Bb2 {[%emt 0:00:56]} Nb8 {[%emt 0:06:34]} 15. Kc2 {[%emt 0:08:08]} Nbd7 {[%emt 0:01:24]} 16. Be2 {[%emt 0:00:52]} h6 {[%emt 0:07:13]} 17. h4 {[%emt 0:11:55]} Kb8 {[%emt 0:04:52]} 18. Kb3 {[%emt 0:00:32]} Qe5 {[%emt 0:01:18]} 19. Rad1 {[%emt 0:01:24]} Re8 {[%emt 0:03:39]} 20. Rde1 {[%emt 0:08:56]} Rg8 {[%emt 0:00:57]} 21. Bd1 {[%emt 0:03:31]} g5 {[%emt 0:02:45]} 22. hxg5 {[%emt 0:00:13]} hxg5 {[%emt 0:00:02]} 23. Qxe5 {[%emt 0:03:24]} Nxe5 {[%emt 0:00:13]} 24. Bc2 {[%emt 0:00:16]} Neg4 {[%emt 0:03:23]} 25. Nd1 {[%emt 0:02:07]} Bg7 {[%emt 0:02:17]} 1/2-1/2

[Event "Niedersachsen-ch 2020"]
[Site "Verden-Aller"]
[Date "2020.01.04"]
[Round "6.10"]
[White "Colbow, Collin"]
[Black "Rau, Nikita"]
[Result "1-0"]
[WhiteElo "2098"]
[BlackElo "1987"]
[Annotator "NA"]
[PlyCount "142"]
[EventDate "2020.01.02"]
[EventType "swiss"]
[EventCountry "GER"]
[SourceTitle "playchess.com"]
[Source "ChessBase"]
[SourceQuality "1"]
[TimeControl "40/5400+30:1800+30"]

1. e4 {[%emt 0:00:00]} c5 {[%emt 0:00:00]} 2. Nc3 {[%emt 0:00:00]} Nc6 {[%emt 0:00:25]} 3. Nf3 {[%emt 0:00:00]} e5 {[%emt 0:01:26]} 4. Bc4 {[%emt 0:00:00]} d6 {[%emt 0:03:50]} 5. d3 {[%emt 0:00:35]} Bg4 {[%emt 0:15:01]} 6. h3 {[%emt 0:04:10]} Be6 {[%emt 0:07:02]} 7. Nd5 {[%emt 0:09:23]} Nd4 {[%emt 0:09:48]} 8. c3 {[%emt 0:05:20]} Nxf3+ {[%emt 0:00:15]} 9. Qxf3 {[%emt 0:00:02]} Ne7 {[%emt 0:01:58]} 10. Bg5 {[%emt 0:04:18]} Qc8 {[%emt 0:15:43]} 11. Bb5+ {[%emt 0:10:04]} Bd7 {[%emt 0:03:00]} 12. Bxd7+ {[%emt 0:01:41]} Qxd7 {[%emt 0:00:24]} 13. Bxe7 {[%emt 0:00:59]} Bxe7 {[%emt 0:00:11]} 14. O-O {[%emt 0:06:05]} O-O {[%emt 0:00:10]} 15. Qg4 {[%emt 0:05:39]} f5 {[%emt 0:03:14]} 16. exf5 {[%emt 0:03:13]} Rae8 17. Ne3 {[%emt 0:07:35]} d5 {[%emt 0:02:52]} 18. f6 {[%emt 0:01:03]} Qxg4 {[%emt 0:00:27]} 19. hxg4 {[%emt 0:03:15]} Bxf6 {[%emt 0:01:12]} 20. Nxd5 {[%emt 0:01:52]} e4 {[%emt 0:00:46]} 21. dxe4 {[%emt 0:01:47]} Rxe4 {[%emt 0:00:21]} 22. f3 {[%emt 0:02:47]} Re2 {[%emt 0:00:12]} 23. Rf2 {[%emt 0:00:17]} Rfe8 {[%emt 0:00:36]} 24. Kf1 {[%emt 0:01:02]} R2e5 {[%emt 0:01:27]} 25. Nxf6+ {[%emt 0:03:22]} gxf6 {[%emt 0:00:08]} 26. Rd1 {[%emt 0:01:16]} c4 {[%emt 0:06:12]} 27. Rfd2 {[%emt 0:02:07]} Kf7 {[%emt 0:09:36]} 28. Rd7+ {[%emt 0:00:22]} R8e7 {[%emt 0:00:29]} 29. Rxe7+ {[%emt 0:01:32]} Rxe7 {[%emt 0:00:03]} 30. Kf2 {[%emt 0:00:39]} Kg6 {[%emt 0:02:32]} 31. f4 {[%emt 0:07:21]} h5 {[%emt 0:05:50]} 32. f5+ {[%emt 0:07:25]} Kg5 {[%emt 0:01:31]} 33. gxh5 {[%emt 0:00:05]} Kxh5 {[%emt 0:00:48]} 34. Rd4 {[%emt 0:06:29]} Rc7 {[%emt 0:02:00]} 35. g4+ {[%emt 0:01:14]} Kg5 {[%emt 0:01:21]} 36. Kf3 {[%emt 0:00:58]} Kh6 {[%emt 0:04:40]} 37. Rd6 {[%emt 0:01:41]} Kg5 {[%emt 0:01:16]} 38. Rd8 {[%emt 0:00:21]} Kh6 {[%emt 0:01:21]} 39. Kf4 {[%emt 0:02:49]} Rc6 {[%emt 0:00:36]} 40. Rh8+ {[%emt 0:00:29]} Kg7 {[%emt 0:00:13]} 41. Rh2 {[%emt 0:01:12]} a5 {[%emt 0:03:21]} 42. g5 {[%emt 0:02:19]} fxg5+ {[%emt 0:00:42]} 43. Kxg5 {[%emt 0:00:07]} Rc5 {[%emt 0:00:33]} 44. Rd2 {[%emt 0:09:14]} Rb5 {[%emt 0:01:54]} 45. a4 {[%emt 0:05:59]} Rb6 {[%emt 0:01:44]} 46. Rh2 {[%emt 0:03:59]} Kf7 {[%emt 0:05:11]} 47. Kf4 {[%emt 0:00:49]} Rb3 {[%emt 0:00:16]} 48. Ke5 {[%emt 0:03:56]} b5 {[%emt 0:00:26]} 49. Kd4 {[%emt 0:01:41]} bxa4 {[%emt 0:00:32]} 50. Kxc4 {[%emt 0:00:06]} Kf6 {[%emt 0:00:35]} 51. Rf2 {[%emt 0:00:10]} Rb8 {[%emt 0:05:39]} 52. Kc5 {[%emt 0:00:26]} Rc8+ {[%emt 0:01:26]} 53. Kb5 {[%emt 0:00:10]} a3 {[%emt 0:00:21]} 54. bxa3 {[%emt 0:00:08]} Rxc3 {[%emt 0:00:11]} 55. a4 Rc8 {[%emt 0:03:36]} 56. Kxa5 {[%emt 0:00:13]} Ra8+ {[%emt 0:00:08]} 57. Kb5 {[%emt 0:00:38]} Rb8+ {[%emt 0:00:07]} 58. Kc6 {[%emt 0:01:48]} Ra8 {[%emt 0:00:26]} 59. Ra2 {[%emt 0:00:58]} Rc8+ {[%emt 0:03:13]} 60. Kb7 {[%emt 0:00:40]} Rc1 {[%emt 0:01:33]} 61. Rf2 {[%emt 0:05:21]} Rb1+ {[%emt 0:02:32]} 62. Ka6 {[%emt 0:00:46]} Rb4 {[%emt 0:01:21]} 63. a5 {[%emt 0:00:06]} Rb1 {[%emt 0:00:09]} 64. Ka7 {[%emt 0:00:05]} Rb5 {[%emt 0:03:12]} 65. a6 {[%emt 0:00:05]} Rb1 {[%emt 0:01:10]} 66. Ka8 {[%emt 0:00:08]} Rb3 {[%emt 0:01:21]} 67. a7 {[%emt 0:00:19]} Rb1 68. Rc2 {[%emt 0:01:01]} Kxf5 {[%emt 0:01:31]} 69. Rc8 {[%emt 0:00:11]} Ke6 {[%emt 0:00:53]} 70. Rb8 {[%emt 0:00:04]} Rh1 {[%emt 0:00:34]} 71. Kb7 {[%emt 0:00:05]} Kd5 1-0